La larga agonia de la argentina peronista /
Guardado en:
| Autor Principal: | |
|---|---|
| Formato: | Libro |
| Publicado: |
Buenos Aires :
Ariel,
1994
|
| Materias: | |
| Etiquetas: |
Agregar Etiqueta
Sin Etiquetas, Sea el primero en etiquetar este registro!
|
| LEADER | 00548nam a22001815a 4500 | ||
|---|---|---|---|
| 001 | CEM.cems009063 | ||
| 005 | 20090909103847.0 | ||
| 008 | 130507s1994##################000#0#####d | ||
| 003 | CEMS | ||
| 082 | 0 | 4 | |a 982.06 |
| 100 | 1 | |a Halperin Donghi, Tulio | |
| 245 | 1 | 0 | |a La larga agonia de la argentina peronista / |c Tulio Halperin Donghi |
| 260 | |a Buenos Aires : |b Ariel, |c 1994 | ||
| 300 | |a 142 p. | ||
| 653 | |a Historia argentina 1966-1993 | ||
| 653 | |a Peronismo | ||
| 653 | |a Política argentina | ||
| 859 | |a CEMS |b BIB. CEMS - 11 de abril |h 982.06 |i H164 |p 18684.95 |t Ej.1 | ||
